Loading...
| Any History | 6 | 18.33 | 100% | 33% | 50% |
| Current Events | 2 | 20.00 | 100% | 100% | 0% |
| Fine Arts - Classical Music | 4 | 10.00 | 100% | 0% | 0% |
| Fine Arts - Other Fine Arts | 7 | 12.86 | 100% | 29% | 0% |
| Geography | 3 | 10.00 | 100% | 0% | 0% |
| History - American History | 7 | 17.14 | 100% | 57% | 14% |
| History - European History | 7 | 17.14 | 100% | 57% | 14% |
| History - World History | 7 | 15.71 | 100% | 57% | 0% |
| Literature - American Literature | 6 | 6.67 | 67% | 0% | 0% |
| Literature - British Literature | 7 | 10.00 | 100% | 0% | 0% |
| Literature - European Literature | 5 | 10.00 | 80% | 0% | 20% |
| Literature - World Literature | 8 | 11.25 | 100% | 13% | 0% |
| Mythology | 2 | 15.00 | 50% | 50% | 50% |
| Other Academic | 4 | 15.00 | 100% | 50% | 0% |
| Painting & Sculpture | 4 | 10.00 | 75% | 25% | 0% |
| Philosophy | 5 | 8.00 | 80% | 0% | 0% |
| Religion | 5 | 12.00 | 100% | 20% | 0% |
| Science - Biology | 5 | 10.00 | 100% | 0% | 0% |
| Science - Chemistry | 7 | 12.86 | 100% | 29% | 0% |
| Science - Other Science | 4 | 15.00 | 100% | 50% | 0% |
| Science - Physics | 8 | 16.25 | 100% | 63% | 0% |
| Social Science | 6 | 10.00 | 83% | 17% | 0% |